[Event "Bundesliga 9697"]
[Site "Deutschland"]
[Date "1996.??.??"]
[Round "?.6"]
[White "Podzielny, Karl Heinz"]
[Black "Heissler, Jakob"]
[Result "1-0"]
[WhiteElo "2490"]
[BlackElo "2430"]
[PlyCount "117"]
[EventDate "1996.10.??"]
[EventType "team"]
[EventRounds "15"]
[EventCountry "GER"]
[SourceTitle "Bundesliga 9697"]
[Source "DeepChess"]
[SourceDate "2005.01.01"]
[SourceVersion "1"]
[SourceVersionDate "2005.01.01"]
[SourceQuality "1"]
[WhiteTeam "SG 1868 Aljech. Solingen"]
[BlackTeam "SAbt SV Werder Bremen"]
[WhiteTeamCountry "GER"]
[BlackTeamCountry "GER"]

1. d4 Nf6 2. Nf3 g6 3. c4 Bg7 4. Nc3 O-O 5. e4 d6 6. h3 Na6 7. Be3 e5 8. d5 Nh5
9. Nh2 Qe8 10. Be2 f5 11. exf5 Nf4 12. Bxf4 exf4 13. fxg6 Qxg6 14. Nf3 Bd7 15.
Qd3 Qf6 16. O-O Nc5 17. Qd2 Qg6 18. Kh2 Rf7 19. Rad1 Re8 20. Rfe1 Rfe7 21. Bf1
Rxe1 22. Rxe1 Rxe1 23. Nxe1 Qf6 24. Nf3 b6 25. Be2 a5 26. Bd1 a4 27. a3 Kf8 28.
Bc2 Kg8 29. Qd1 Qe7 30. Qd2 Qf6 31. Kg1 Kh8 32. Qe2 Kg8 33. Kf1 h6 34. Nd2 Qe5
35. Nde4 Nxe4 36. Bxe4 Qe8 37. Bc2 Qe5 38. Qd3 Qd4 39. Qxd4 Bxd4 40. Ke2 Kg7
41. Kf3 Be5 42. Bxa4 Bxc3 43. Bxd7 Bxb2 44. Kxf4 Kf6 45. a4 Bd4 46. f3 Bf2 47.
Kg4 Be1 48. f4 Bd2 49. Be8 Be1 50. Kf3 Bd2 51. Bh5 Be1 52. g4 Bh4 53. g5+ Kf5
54. Bg4+ Kg6 55. Bd7 hxg5 56. Kg4 Kf6 57. Be8 Kg7 58. fxg5 Be1 59. h4 1-0

[Event "Bundesliga 9697"]
[Site "Deutschland"]
[Date "1996.??.??"]
[Round "?.7"]
[White "Hedke, Fred"]
[Black "Schaefer, Markus"]
[Result "1/2-1/2"]
[WhiteElo "2380"]
[BlackElo "2455"]
[PlyCount "83"]
[EventDate "1996.10.??"]
[EventType "team"]
[EventRounds "15"]
[EventCountry "GER"]
[SourceTitle "Bundesliga 9697"]
[Source "DeepChess"]
[SourceDate "2005.01.01"]
[SourceVersion "1"]
[SourceVersionDate "2005.01.01"]
[SourceQuality "1"]
[WhiteTeam "SAbt SV Werder Bremen"]
[BlackTeam "SG 1868 Aljech. Solingen"]
[WhiteTeamCountry "GER"]
[BlackTeamCountry "GER"]

1. e4 c5 2. c3 Nf6 3. e5 Nd5 4. d4 cxd4 5. Bc4 Nb6 6. Bb3 d6 7. exd6 e6 8. cxd4
Bxd6 9. Nc3 O-O 10. Nf3 Nc6 11. O-O Nd5 12. h3 Be7 13. Bxd5 exd5 14. Qb3 Bf6
15. Rd1 Ne7 16. Bf4 Qb6 17. Qxb6 axb6 18. Be5 Bxe5 19. Nxe5 Be6 20. Nd3 Rfc8
21. Nf4 Rc6 22. Re1 Rd8 23. Re2 Ng6 24. Nxe6 fxe6 25. Rae1 Kf7 26. Re3 Nh4 27.
Rd1 Nf5 28. Rf3 Kg8 29. Rd2 Rf8 30. Rfd3 Nd6 31. Re2 Rf6 32. g3 Rc4 33. Kg2 b5
34. Nd1 Nf5 35. Red2 Rf8 36. Ne3 Nxe3+ 37. Rxe3 Rf6 38. Rb3 b4 39. a3 bxa3 40.
bxa3 Rf7 41. Rb6 Re7 42. Rd3 1/2-1/2

[Event "Bundesliga 9697"]
[Site "Deutschland"]
[Date "1996.??.??"]
[Round "?.8"]
[White "Reeh, Oliver"]
[Black "Meyer, Claus Dieter"]
[Result "1/2-1/2"]
[WhiteElo "2420"]
[BlackElo "2320"]
[PlyCount "102"]
[EventDate "1996.10.??"]
[EventType "team"]
[EventRounds "15"]
[EventCountry "GER"]
[SourceTitle "Bundesliga 9697"]
[Source "DeepChess"]
[SourceDate "2005.01.01"]
[SourceVersion "1"]
[SourceVersionDate "2005.01.01"]
[SourceQuality "1"]
[WhiteTeam "SG 1868 Aljech. Solingen"]
[BlackTeam "SAbt SV Werder Bremen"]
[WhiteTeamCountry "GER"]
[BlackTeamCountry "GER"]

1. d4 d5 2. c4 c6 3. Nf3 Nf6 4. Nc3 dxc4 5. a4 Bf5 6. Nh4 e6 7. Nxf5 exf5 8. e3
Bd6 9. Bxc4 O-O 10. h3 Ne4 11. Nxe4 fxe4 12. Qb3 Qb6 13. a5 Qxb3 14. Bxb3 Nd7
15. Bd2 Nf6 16. a6 b6 17. Ke2 Rac8 18. Rhd1 Rc7 19. Rac1 Rfc8 20. Rc2 Kf8 21.
Rdc1 Ke7 22. Ba4 c5 23. dxc5 Rxc5 24. Rxc5 Rxc5 25. Rxc5 Bxc5 26. Bc3 g6 27.
Bb3 Ne8 28. Bd5 f5 29. b4 Bd6 30. b5 Nf6 31. Bc6 Nd7 32. Bd4 Nc5 33. g4 Bc7 34.
gxf5 gxf5 35. f3 exf3+ 36. Bxf3 Ne6 37. Bc3 Ng5 38. Bg2 Ne4 39. Bd4 Ke6 40. Kd3
Nf2+ 41. Kc4 Bd8 42. Bd5+ Kd6 43. Bg2 Ke6 44. Bb7 Kd7 45. e4 Nxe4 46. Bxe4 fxe4
47. Kd5 Bc7 48. Kxe4 Ke6 49. Be3 Bb8 50. Bg5 Bc7 51. Bh4 Bd6 1/2-1/2

[Event "Bundesliga 9697"]
[Site "Deutschland"]
[Date "1997.??.??"]
[Round "?.2"]
[White "Smagin, Sergey"]
[Black "Kindermann, Stefan"]
[Result "1/2-1/2"]
[WhiteElo "2575"]
[BlackElo "2540"]
[PlyCount "49"]
[EventDate "1996.10.??"]
[EventType "team"]
[EventRounds "15"]
[EventCountry "GER"]
[SourceTitle "Bundesliga 9697"]
[Source "DeepChess"]
[SourceDate "2005.01.01"]
[SourceVersion "1"]
[SourceVersionDate "2005.01.01"]
[SourceQuality "1"]
[WhiteTeam "SG Bochum 31"]
[BlackTeam "SAbt SV Werder Bremen"]
[WhiteTeamCountry "GER"]
[BlackTeamCountry "GER"]

1. e4 e6 2. d4 d5 3. Nd2 Nf6 4. e5 Nfd7 5. f4 c5 6. c3 Nc6 7. Ngf3 a5 8. Bb5
Qb6 9. Qa4 cxd4 10. cxd4 Ndb8 11. Qb3 Bd7 12. Bxc6 Qxc6 13. O-O a4 14. Qe3 Be7
15. Rf2 Qb6 16. Nf1 Nc6 17. Rc2 O-O 18. Bd2 Rfc8 19. Rac1 Nb4 20. Bxb4 Qxb4 21.
a3 Qb6 22. Rxc8+ Rxc8 23. Rxc8+ Bxc8 24. Qc1 Qc6 25. Qd2 1/2-1/2

[Event "Bundesliga 9697"]
[Site "Deutschland"]
[Date "1997.??.??"]
[Round "?.3"]
[White "Knaak, Rainer"]
[Black "Schmittdiel, Eckhard"]
[Result "1/2-1/2"]
[WhiteElo "2540"]
[BlackElo "2440"]
[PlyCount "118"]
[EventDate "1996.10.??"]
[EventType "team"]
[EventRounds "15"]
[EventCountry "GER"]
[SourceTitle "Bundesliga 9697"]
[Source "DeepChess"]
[SourceDate "2005.01.01"]
[SourceVersion "1"]
[SourceVersionDate "2005.01.01"]
[SourceQuality "1"]
[WhiteTeam "SAbt SV Werder Bremen"]
[BlackTeam "SG Bochum 31"]
[WhiteTeamCountry "GER"]
[BlackTeamCountry "GER"]

1. d4 Nf6 2. c4 e6 3. Nc3 d5 4. cxd5 exd5 5. Bg5 Nbd7 6. e3 c6 7. Bd3 Be7 8.
Nf3 h6 9. Bf4 Nh5 10. Be5 Nxe5 11. dxe5 g6 12. Qc2 O-O 13. O-O-O Ng7 14. h3 Bb4
15. Nd4 Qe7 16. f4 Be6 17. g4 c5 18. Nxe6 Qxe6 19. Kb1 Rad8 20. Be2 Rd7 21. Qb3
Bxc3 22. Qxc3 b6 23. Bb5 Rdd8 24. Rhe1 Kh8 25. Qc2 Qe7 26. Qg2 Qh4 27. Rf1 d4
28. e4 Ne6 29. f5 Nc7 30. Bc6 d3 31. fxg6 fxg6 32. Bd5 Qe7 33. Qd2 Kh7 34. Qxd3
Qxe5 35. Rxf8 Rxf8 36. Bc4 Rf2 37. Qc3 Qxe4+ 38. Ka1 Qe7 39. Re1 Qd6 40. Qe3
Rd2 41. Bb3 c4 42. Qe7+ Qxe7 43. Rxe7+ Kh8 44. Rxc7 cxb3 45. axb3 Rh2 46. Rc3
Kg7 47. Rf3 a5 48. Ka2 b5 49. Ka3 Rh1 50. b4 Ra1+ 51. Kb3 a4+ 52. Kc2 Re1 53.
Rc3 Re2+ 54. Kc1 Re4 55. Rc7+ Kf6 56. Rc6+ Re6 57. Rc5 Re5 58. Rc6+ Re6 59. Rc5
Re5 1/2-1/2

[Event "Bundesliga 9697"]
[Site "Deutschland"]
[Date "1997.??.??"]
[Round "?.4"]
[White "Bosch, Jeroen"]
[Black "Blatny, Pavel"]
[Result "1-0"]
[WhiteElo "2425"]
[BlackElo "2540"]
[PlyCount "81"]
[EventDate "1996.10.??"]
[EventType "team"]
[EventRounds "15"]
[EventCountry "GER"]
[SourceTitle "Bundesliga 9697"]
[Source "DeepChess"]
[SourceDate "2005.01.01"]
[SourceVersion "1"]
[SourceVersionDate "2005.01.01"]
[SourceQuality "1"]
[WhiteTeam "SG Bochum 31"]
[BlackTeam "SAbt SV Werder Bremen"]
[WhiteTeamCountry "GER"]
[BlackTeamCountry "GER"]

1. e4 c6 2. d4 g6 3. Nc3 d5 4. h3 Bg7 5. Nf3 Nf6 6. e5 Ne4 7. Bd3 Nxc3 8. bxc3
c5 9. O-O c4 10. Be2 Qa5 11. Bd2 Nd7 12. Nh4 O-O 13. f4 f6 14. e6 Nb6 15. f5
gxf5 16. Nxf5 Bxe6 17. Nxe7+ Kh8 18. Bg4 Bf7 19. Nf5 Bg6 20. h4 Nc8 21. h5 Bxf5
22. Bxf5 h6 23. Qg4 Ne7 24. Rae1 Nxf5 25. Rxf5 Rf7 26. Qg6 Raf8 27. Ref1 Qxa2
28. Bxh6 Qxc2 29. R1f3 Qb1+ 30. Kh2 Qe4 31. Re3 Qh4+ 32. Rh3 Qe4 33. Re3 Qh4+
34. Rh3 Qe4 35. Bf4 Rg8 36. Re3 Qc2 37. Rg3 Qe4 38. h6 b5 39. Qxf7 Qxf5 40.
hxg7+ Kh7 41. Rh3+ 1-0

[Event "Bundesliga 9697"]
[Site "Deutschland"]
[Date "1997.??.??"]
[Round "?.5"]
[White "Meins, Gerlef"]
[Black "Reschke, Stefan"]
[Result "1/2-1/2"]
[WhiteElo "2465"]
[BlackElo "2390"]
[PlyCount "131"]
[EventDate "1996.10.??"]
[EventType "team"]
[EventRounds "15"]
[EventCountry "GER"]
[SourceTitle "Bundesliga 9697"]
[Source "DeepChess"]
[SourceDate "2005.01.01"]
[SourceVersion "1"]
[SourceVersionDate "2005.01.01"]
[SourceQuality "1"]
[WhiteTeam "SAbt SV Werder Bremen"]
[BlackTeam "SG Bochum 31"]
[WhiteTeamCountry "GER"]
[BlackTeamCountry "GER"]

1. d4 Nf6 2. c4 g6 3. Nc3 Bg7 4. e4 d6 5. Be2 O-O 6. Bg5 Na6 7. f4 c6 8. Nf3
Nc7 9. Qd2 Ne6 10. Bh4 d5 11. Bxf6 exf6 12. exd5 cxd5 13. Nxd5 b5 14. Nc3 bxc4
15. Bxc4 Qc7 16. Bd5 Rb8 17. g3 Rd8 18. O-O Qa5 19. Bxe6 Bxe6 20. Rf2 Bg4 21.
d5 Bxf3 22. Rxf3 f5 23. Rd1 Rb4 24. Kg2 Qb6 25. b3 Qb7 26. Rd3 Rd6 27. Na4 Rb5
28. Kh3 h5 29. Nb2 Bxb2 30. Qxb2 Rbxd5 31. Rxd5 Rxd5 32. Qg2 Rd7 33. Qxb7 Rxb7
34. Rd6 Rc7 35. Ra6 Kg7 36. b4 Kh6 37. b5 Rb7 38. a4 Rd7 39. Rf6 Kg7 40. Rc6
Kh6 41. Rc4 Kg7 42. Rb4 Kf6 43. b6 axb6 44. Rxb6+ Kg7 45. Rb2 Ra7 46. Ra2 Kf6
47. a5 Ke6 48. Kg2 Kd5 49. Kf3 Ra6 50. Ke3 Kc4 51. Ra1 Re6+ 52. Kd2 Rd6+ 53.
Kc2 Ra6 54. h3 Kb5 55. Kc3 Rc6+ 56. Kd4 Rd6+ 57. Ke5 Re6+ 58. Kd5 Ka6 59. Ra3
h4 60. gxh4 Re4 61. Kd6 Rxf4 62. Ke7 Rxh4 63. Kxf7 g5 64. Kg6 g4 65. hxg4 fxg4
66. Rg3 1/2-1/2

[Event "Bundesliga 9697"]
[Site "Deutschland"]
[Date "1997.??.??"]
[Round "?.6"]
[White "Ankerst, Mihael"]
[Black "Heissler, Jakob"]
[Result "0-1"]
[WhiteElo "2355"]
[BlackElo "2430"]
[PlyCount "52"]
[EventDate "1996.10.??"]
[EventType "team"]
[EventRounds "15"]
[EventCountry "GER"]
[SourceTitle "Bundesliga 9697"]
[Source "DeepChess"]
[SourceDate "2005.01.01"]
[SourceVersion "1"]
[SourceVersionDate "2005.01.01"]
[SourceQuality "1"]
[WhiteTeam "SG Bochum 31"]
[BlackTeam "SAbt SV Werder Bremen"]
[WhiteTeamCountry "GER"]
[BlackTeamCountry "GER"]

1. e4 c5 2. Nf3 e6 3. d4 cxd4 4. Nxd4 Nc6 5. Nxc6 bxc6 6. Nd2 d5 7. Bd3 Nf6 8.
O-O Be7 9. c4 O-O 10. Qc2 h6 11. b3 a5 12. a3 Rb8 13. Rb1 Qb6 14. Re1 Bc5 15.
Re2 Ng4 16. Nf3 Ba6 17. Qa2 Rfd8 18. Bf4 dxc4 19. bxc4 Bxf2+ 20. Kf1 Qxb1+ 21.
Bxb1 Rd1+ 22. Re1 Bxe1 23. Bc2 Rb2 24. Bxd1 Rxa2 25. Kxe1 Rxa3 26. e5 Ne3 0-1

[Event "Bundesliga 9697"]
[Site "Deutschland"]
[Date "1997.??.??"]
[Round "?.7"]
[White "Hedke, Fred"]
[Black "Backwinkel, Paul"]
[Result "1/2-1/2"]
[WhiteElo "2355"]
[BlackElo "2400"]
[PlyCount "40"]
[EventDate "1996.10.??"]
[EventType "team"]
[EventRounds "15"]
[EventCountry "GER"]
[SourceTitle "Bundesliga 9697"]
[Source "DeepChess"]
[SourceDate "2005.01.01"]
[SourceVersion "1"]
[SourceVersionDate "2005.01.01"]
[SourceQuality "1"]
[WhiteTeam "SAbt SV Werder Bremen"]
[BlackTeam "SG Bochum 31"]
[WhiteTeamCountry "GER"]
[BlackTeamCountry "GER"]

1. e4 c5 2. c3 e6 3. d4 d5 4. exd5 exd5 5. Be3 Qb6 6. Qe2 c4 7. b3 cxb3 8. Qb5+
Qxb5 9. Bxb5+ Bd7 10. Bxd7+ Nxd7 11. axb3 Ngf6 12. Nf3 Be7 13. O-O O-O 14. c4
Rfc8 15. Nbd2 Bb4 16. Rfc1 b6 17. h3 a5 18. Ne5 dxc4 19. Nxd7 Nxd7 20. bxc4 h6
1/2-1/2

[Event "Bundesliga 9697"]
[Site "Deutschland"]
[Date "1997.??.??"]
[Round "?.8"]
[White "Ellers, Holger"]
[Black "Meyer, Claus Dieter"]
[Result "1/2-1/2"]
[WhiteElo "2260"]
[BlackElo "2320"]
[PlyCount "69"]
[EventDate "1996.10.??"]
[EventType "team"]
[EventRounds "15"]
[EventCountry "GER"]
[SourceTitle "Bundesliga 9697"]
[Source "DeepChess"]
[SourceDate "2005.01.01"]
[SourceVersion "1"]
[SourceVersionDate "2005.01.01"]
[SourceQuality "1"]
[WhiteTeam "SG Bochum 31"]
[BlackTeam "SAbt SV Werder Bremen"]
[WhiteTeamCountry "GER"]
[BlackTeamCountry "GER"]

1. d4 Nf6 2. Nf3 g6 3. c4 Bg7 4. g3 O-O 5. Bg2 d6 6. Nc3 c6 7. O-O Bg4 8. h3
Bxf3 9. Bxf3 Nbd7 10. e3 e5 11. Bg2 Ne8 12. Rb1 f5 13. b4 e4 14. f3 exf3 15.
Bxf3 Rb8 16. b5 c5 17. Nd5 Nef6 18. Bb2 Nxd5 19. Bxd5+ Kh8 20. Qf3 b6 21. Rbd1
Qe7 22. Rf2 Nf6 23. dxc5 dxc5 24. Bc6 Rbd8 25. Rfd2 Rxd2 26. Rxd2 Rd8 27. Bxf6
Bxf6 28. Rxd8+ Qxd8 29. Bd5 Be5 30. Kg2 h5 31. h4 Qf6 32. Kh3 Bd6 33. Kg2 Kg7
34. Kh3 Qc3 35. Kg2 1/2-1/2

[Event "Bundesliga 9697"]
[Site "Deutschland"]
[Date "1996.??.??"]
[Round "?.1"]
[White "Lutz, Christopher"]
[Black "Hracek, Zbynek"]
[Result "1-0"]
[WhiteElo "2565"]
[BlackElo "2625"]
[PlyCount "77"]
[EventDate "1996.10.??"]
[EventType "team"]
[EventRounds "15"]
[EventCountry "GER"]
[SourceTitle "Bundesliga 9697"]
[Source "DeepChess"]
[SourceDate "2005.01.01"]
[SourceVersion "1"]
[SourceVersionDate "2005.01.01"]
[SourceQuality "1"]
[WhiteTeam "SG Porz e.V."]
[BlackTeam "SAbt SV Werder Bremen"]
[WhiteTeamCountry "GER"]
[BlackTeamCountry "GER"]

1. e4 c5 2. Nf3 d6 3. d4 cxd4 4. Nxd4 Nf6 5. Nc3 a6 6. Be2 e5 7. Nb3 Be7 8. O-O
O-O 9. Kh1 Qc7 10. a4 Be6 11. f4 Nbd7 12. a5 Bc4 13. Be3 Rfc8 14. Nd2 Bxe2 15.
Qxe2 Qc6 16. Qf3 Bd8 17. fxe5 dxe5 18. Bg1 Nf8 19. Qf5 Qe6 20. Qxe6 fxe6 21.
Ra4 N8d7 22. Nc4 Nc5 23. Rb4 Nfxe4 24. Nxe4 Nxe4 25. Re1 Nd2 26. Nxd2 Bxa5 27.
Rxb7 Rxc2 28. b4 Bxb4 29. Rxb4 Rxd2 30. Rxe5 Rc8 31. Rb1 Rcc2 32. g3 Ra2 33.
Rxe6 a5 34. Re7 h6 35. Rbb7 Ra1 36. Rxg7+ Kf8 37. Rbf7+ Ke8 38. Ra7 Kf8 39. Rh7
1-0

[Event "Bundesliga 9697"]
[Site "Deutschland"]
[Date "1996.??.??"]
[Round "?.3"]
[White "Hort, Vlastimil"]
[Black "Knaak, Rainer"]
[Result "0-1"]
[WhiteElo "2545"]
[BlackElo "2530"]
[PlyCount "88"]
[EventDate "1996.10.??"]
[EventType "team"]
[EventRounds "15"]
[EventCountry "GER"]
[SourceTitle "Bundesliga 9697"]
[Source "DeepChess"]
[SourceDate "2005.01.01"]
[SourceVersion "1"]
[SourceVersionDate "2005.01.01"]
[SourceQuality "1"]
[WhiteTeam "SG Porz e.V."]
[BlackTeam "SAbt SV Werder Bremen"]
[WhiteTeamCountry "GER"]
[BlackTeamCountry "GER"]

1. e4 e6 2. d4 d5 3. Nc3 Nf6 4. e5 Nfd7 5. Nce2 c5 6. c3 cxd4 7. cxd4 f6 8.
exf6 Nxf6 9. Nf3 Nc6 10. Nc3 Bd6 11. Be2 O-O 12. O-O h6 13. h3 Bd7 14. Be3 Qe7
15. Re1 g5 16. Nh2 Qg7 17. Rc1 Rf7 18. Nf1 Ne7 19. Nb5 Bxb5 20. Bxb5 Nf5 21.
Bd3 g4 22. Bxf5 exf5 23. hxg4 fxg4 24. Ng3 Qg6 25. Qc2 Ne4 26. Nxe4 dxe4 27.
Qb3 g3 28. Rf1 Raf8 29. Qd5 Kh8 30. f4 Rf5 31. Qxe4 Qh5 32. Rf3 Qh2+ 33. Kf1
Qh1+ 34. Ke2 Qxg2+ 35. Kd3 Qxb2 36. Rxg3 Qb5+ 37. Rc4 Re8 38. Qh1 Rh5 39. Qd1
Qf5+ 40. Kc3 Rh3 41. Qg1 Qa5+ 42. Kd3 Qa3+ 43. Rc3 Qa6+ 44. Kc2 Rh2+ 0-1

[Event "Bundesliga 9697"]
[Site "Deutschland"]
[Date "1996.??.??"]
[Round "?.5"]
[White "Vaganian, Rafael A"]
[Black "Meins, Gerlef"]
[Result "1-0"]
[WhiteElo "2595"]
[BlackElo "2465"]
[PlyCount "81"]
[EventDate "1996.10.??"]
[EventType "team"]
[EventRounds "15"]
[EventCountry "GER"]
[SourceTitle "Bundesliga 9697"]
[Source "DeepChess"]
[SourceDate "2005.01.01"]
[SourceVersion "1"]
[SourceVersionDate "2005.01.01"]
[SourceQuality "1"]
[WhiteTeam "SG Porz e.V."]
[BlackTeam "SAbt SV Werder Bremen"]
[WhiteTeamCountry "GER"]
[BlackTeamCountry "GER"]

1. Nf3 Nf6 2. c4 e6 3. Nc3 c5 4. g3 Nc6 5. Bg2 Be7 6. O-O d5 7. cxd5 Nxd5 8. d4
Nxd4 9. Nxd4 Nxc3 10. bxc3 cxd4 11. cxd4 O-O 12. Rb1 Qd7 13. Bf4 Rd8 14. Qc2
Qxd4 15. Rfd1 Qf6 16. Qc7 Rf8 17. Be5 Bd8 18. Qd6 Be7 19. Bxf6 Bxd6 20. Bxg7
Kxg7 21. Rxd6 Rb8 22. Ra6 bxa6 23. Rxb8 Rd8 24. Bf1 a5 25. f4 Re8 26. Kf2 Bd7
27. Rb7 Bc6 28. Rxa7 a4 29. Bg2 Bb5 30. Bf3 Rc8 31. Ra5 Be8 32. Ra8 Rxa8 33.
Bxa8 a3 34. Be4 Ba4 35. Ke3 Bb3 36. Bb1 Bc4 37. Kd2 f5 38. e3 Kg6 39. Kc3 Bd5
40. g4 Kf6 41. gxf5 1-0

[Event "Bundesliga 9697"]
[Site "Deutschland"]
[Date "1996.??.??"]
[Round "?.8"]
[White "Meyer, Claus Dieter"]
[Black "Vogt, Lothar"]
[Result "1/2-1/2"]
[WhiteElo "2320"]
[BlackElo "2505"]
[PlyCount "106"]
[EventDate "1996.10.??"]
[EventType "team"]
[EventRounds "15"]
[EventCountry "GER"]
[SourceTitle "Bundesliga 9697"]
[Source "DeepChess"]
[SourceDate "2005.01.01"]
[SourceVersion "1"]
[SourceVersionDate "2005.01.01"]
[SourceQuality "1"]
[WhiteTeam "SAbt SV Werder Bremen"]
[BlackTeam "SG Porz e.V."]
[WhiteTeamCountry "GER"]
[BlackTeamCountry "GER"]

1. e4 c5 2. Nf3 e6 3. d3 Nc6 4. g3 d6 5. Bg2 Nf6 6. O-O Be7 7. Nbd2 O-O 8. c3
Bd7 9. Re1 Qc7 10. Nb3 Ne5 11. d4 cxd4 12. Nbxd4 Rfd8 13. Qe2 a6 14. Bg5 h6 15.
Bxf6 Bxf6 16. Rad1 b5 17. Nxe5 dxe5 18. Nc2 a5 19. Rd2 Bg5 20. Ne3 b4 21. cxb4
axb4 22. h4 Be7 23. Rc2 Qb8 24. b3 Bf8 25. Rd1 Be8 26. Rxd8 Qxd8 27. Rd2 Qb8
28. Rc2 Bb5 29. Qd2 Ra7 30. Bf1 Be8 31. Qc1 Ra8 32. Qb2 Ra5 33. Qc1 Qa7 34. Rc8
Rc5 35. Rxc5 Bxc5 36. Qd2 Bxe3 37. fxe3 Bc6 38. Bd3 Qc5 39. Kf2 g6 40. Ke2 Kg7
41. Qb2 f5 42. exf5 gxf5 43. Bc4 Kf6 44. Qd2 Bd5 45. Bxd5 exd5 46. e4 dxe4 47.
Qxh6+ Ke7 48. Qg5+ Ke6 49. Qg8+ Ke7 50. Qg5+ Ke6 51. Qg8+ Ke7 52. Qg5+ Ke6 53.
Qg8+ Ke7 1/2-1/2

[Event "Bundesliga 9697"]
[Site "Deutschland"]
[Date "1996.??.??"]
[Round "?.1"]
[White "Schlosser, Philipp"]
[Black "Hracek, Zbynek"]
[Result "1/2-1/2"]
[WhiteElo "2560"]
[BlackElo "2625"]
[PlyCount "58"]
[EventDate "1996.10.??"]
[EventType "team"]
[EventRounds "15"]
[EventCountry "GER"]
[SourceTitle "Bundesliga 9697"]
[Source "DeepChess"]
[SourceDate "2005.01.01"]
[SourceVersion "1"]
[SourceVersionDate "2005.01.01"]
[SourceQuality "1"]
[WhiteTeam "SK Passau 1869"]
[BlackTeam "SAbt SV Werder Bremen"]
[WhiteTeamCountry "GER"]
[BlackTeamCountry "GER"]

1. d4 Nf6 2. Nf3 e6 3. g3 c5 4. Bg2 Qa5+ 5. Nbd2 cxd4 6. O-O Be7 7. Nxd4 a6 8.
Nc4 Qc7 9. b3 d6 10. e4 O-O 11. a4 Nbd7 12. a5 Rb8 13. Re1 Ne5 14. Nb6 Nfd7 15.
Nxc8 Rfxc8 16. Bb2 Nc6 17. Nxc6 bxc6 18. Bf1 Ra8 19. Qd2 Rd8 20. Bd4 c5 21. Bc3
Bf6 22. Bxf6 Nxf6 23. Rad1 d5 24. exd5 exd5 25. Bd3 h6 26. Qc3 Qd6 27. Qe5 Qc6
28. Qf4 Re8 29. h4 Re6 1/2-1/2

[Event "Bundesliga 9697"]
[Site "Deutschland"]
[Date "1996.??.??"]
[Round "?.2"]
[White "Kindermann, Stefan"]
[Black "Smejkal, Jan"]
[Result "1-0"]
[WhiteElo "2530"]
[BlackElo "2500"]
[PlyCount "76"]
[EventDate "1996.10.??"]
[EventType "team"]
[EventRounds "15"]
[EventCountry "GER"]
[SourceTitle "Bundesliga 9697"]
[Source "DeepChess"]
[SourceDate "2005.01.01"]
[SourceVersion "1"]
[SourceVersionDate "2005.01.01"]
[SourceQuality "1"]
[WhiteTeam "SAbt SV Werder Bremen"]
[BlackTeam "SK Passau 1869"]
[WhiteTeamCountry "GER"]
[BlackTeamCountry "GER"]

1. e4 e5 2. Nf3 Nc6 3. Bb5 Nf6 4. O-O Nxe4 5. d4 Nd6 6. Bxc6 dxc6 7. dxe5 Nf5
8. Qxd8+ Kxd8 9. Nc3 h6 10. h3 Ke8 11. Bf4 Be6 12. g4 Ne7 13. Nd4 Nd5 14. Nxe6
fxe6 15. Bd2 Bc5 16. Ne4 Bd4 17. Rae1 b6 18. c3 Bxe5 19. f4 Bd6 20. c4 Ne7 21.
Nxd6+ cxd6 22. Rxe6 Kd7 23. Rfe1 Rae8 24. Bc3 Rhg8 25. f5 h5 26. Kg2 hxg4 27.
hxg4 d5 28. cxd5 cxd5 29. a4 Nc6 30. Rxe8 Rxe8 31. Rxe8 Kxe8 32. Bxg7 Kf7 33.
Bh8 Kg8 34. Bf6 Kf7 35. g5 Nb4 36. Kf3 Nd3 37. Bd4 Nc5 38. g6+ Ke7 1-0

[Event "Bundesliga 9697"]
[Site "Deutschland"]
[Date "1996.??.??"]
[Round "?.3"]
[White "Wells, Peter K"]
[Black "Knaak, Rainer"]
[Result "1-0"]
[WhiteElo "2475"]
[BlackElo "2530"]
[PlyCount "85"]
[EventDate "1996.10.??"]
[EventType "team"]
[EventRounds "15"]
[EventCountry "GER"]
[SourceTitle "Bundesliga 9697"]
[Source "DeepChess"]
[SourceDate "2005.01.01"]
[SourceVersion "1"]
[SourceVersionDate "2005.01.01"]
[SourceQuality "1"]
[WhiteTeam "SK Passau 1869"]
[BlackTeam "SAbt SV Werder Bremen"]
[WhiteTeamCountry "GER"]
[BlackTeamCountry "GER"]

1. d4 e6 2. c4 d5 3. Nc3 c6 4. e4 dxe4 5. Nxe4 Bb4+ 6. Bd2 Qxd4 7. Bxb4 Qxe4+
8. Ne2 Na6 9. Bf8 Ne7 10. Bxg7 Rg8 11. Bc3 e5 12. Qd6 Bf5 13. Rd1 Ng6 14. Qf6
Be6 15. f3 Qh4+ 16. Qxh4 Nxh4 17. Ng3 f6 18. Kf2 Kf7 19. Ne4 Rad8 20. Rxd8 Rxd8
21. Be2 c5 22. f4 Bf5 23. Ng3 exf4 24. Nh5 f3 25. gxf3 Rd6 26. Rd1 Rxd1 27.
Bxd1 Be6 28. Bxf6 Nf5 29. Bc3 Bxc4 30. Bc2 Nd4 31. Bxh7 Bxa2 32. Ke3 Nb5 33.
Be5 Nb4 34. Nf4 Nc6 35. Bg6+ Ke7 36. Bg7 Bf7 37. Be4 Nbd4 38. h4 Ne6 39. Nxe6
Kxe6 40. f4 a5 41. f5+ Kd7 42. Bf3 Ne7 43. Kf4 1-0

[Event "Bundesliga 9697"]
[Site "Deutschland"]
[Date "1996.??.??"]
[Round "?.4"]
[White "Blatny, Pavel"]
[Black "Pichler, Juergen"]
[Result "1-0"]
[WhiteElo "2490"]
[BlackElo "2400"]
[PlyCount "49"]
[EventDate "1996.10.??"]
[EventType "team"]
[EventRounds "15"]
[EventCountry "GER"]
[SourceTitle "Bundesliga 9697"]
[Source "DeepChess"]
[SourceDate "2005.01.01"]
[SourceVersion "1"]
[SourceVersionDate "2005.01.01"]
[SourceQuality "1"]
[WhiteTeam "SAbt SV Werder Bremen"]
[BlackTeam "SK Passau 1869"]
[WhiteTeamCountry "GER"]
[BlackTeamCountry "GER"]

1. Nf3 Nf6 2. c4 e6 3. g3 d5 4. b3 Be7 5. Bb2 O-O 6. Bg2 c5 7. e3 Nc6 8. O-O b6
9. d3 Bb7 10. Nc3 Qd7 11. Ne2 Rfd8 12. Nf4 Qe8 13. Qe2 dxc4 14. bxc4 Nd7 15. d4
cxd4 16. exd4 Nf8 17. Rad1 Ba6 18. d5 exd5 19. Ne5 Bf6 20. Nxc6 Qxc6 21. Bxd5
Rxd5 22. Nxd5 Bd8 23. Qg4 Ne6 24. Rfe1 Qxc4 25. Rxe6 1-0

[Event "Bundesliga 9697"]
[Site "Deutschland"]
[Date "1996.??.??"]
[Round "?.5"]
[White "Klebel, Martin"]
[Black "Meins, Gerlef"]
[Result "1/2-1/2"]
[WhiteElo "2410"]
[BlackElo "2465"]
[PlyCount "44"]
[EventDate "1996.10.??"]
[EventType "team"]
[EventRounds "15"]
[EventCountry "GER"]
[SourceTitle "Bundesliga 9697"]
[Source "DeepChess"]
[SourceDate "2005.01.01"]
[SourceVersion "1"]
[SourceVersionDate "2005.01.01"]
[SourceQuality "1"]
[WhiteTeam "SK Passau 1869"]
[BlackTeam "SAbt SV Werder Bremen"]
[WhiteTeamCountry "GER"]
[BlackTeamCountry "GER"]

1. d4 d5 2. c4 dxc4 3. Nf3 Nf6 4. e3 e6 5. Bxc4 c5 6. O-O a6 7. a4 Nc6 8. Qe2
cxd4 9. Rd1 Be7 10. exd4 O-O 11. Nc3 Nb4 12. Bg5 h6 13. Bh4 Bd7 14. d5 exd5 15.
Nxd5 Nbxd5 16. Bxd5 Nxd5 17. Bxe7 Nxe7 18. Ne5 Nc6 19. Nxd7 Re8 20. Qg4 Qe7 21.
h3 Rad8 22. Rd3 Ne5 1/2-1/2